Recursos humanos calificados en población y necesidades en planificación y formulación de políticas: caso Bolivia /

Na minha lista:
Detalhes bibliográficos
Autor principal: Carafa R, Carlos
Outros Autores: Pereira M, René
Formato: Texto
Publicado em: San José: PROLAP. CELADE
Tags: Adicionar Tag
Sem tags, seja o primeiro a adicionar uma tag!

MARC

LEADER 00000 a a2200000 04500
001 21872
003
040
090 |a 025800  
100 |a Carafa R, Carlos  
245 |a Recursos humanos calificados en población y necesidades en planificación y formulación de políticas: caso Bolivia /  |c Carlos Carafa R 
260 |a San José:   |b PROLAP. CELADE  
300 |a 19 p.  
700 |a Pereira M, René  
999 |c 16718  |d 16718